General Knowledge #7 - Statistics

General Stats
  • This quiz has been taken 43 times
  • The average score is 7 of 10
Answer Stats
Hint Answer % Correct
This German composer's most famous symphony was his 5th. Ludwig van Beethoven
90%
Nelson Mandela was the leader of what country? South Africa
88%
Who lives in a pineapple under the sea? Spongebob Squarepants
88%
Who was the Italian dictator during WWII? Benito Mussolini
83%
What band made the famous song "We Will Rock You"? Queen
83%
What is the capital of New Zealand? Wellington
78%
What war was considered "The War to End All Wars"? World War 1
78%
Who made Star Wars? George Lucas
63%
Who was the 2nd president of the USA? John Adams
58%
This Hogwarts house's symbol is a lion. Gryffindor
30%
No matching quizzes found
Score Distribution
Percent of People with Each Score
Percentile by Number Answered
Your Score History
You have not taken this quiz